Álbum de metalurgia general (Record no. 189533)

MARC details
000 -LEADER
campo de control de longitud fija 01203nam a2200229 i 4500
001 - NÚMERO DE CONTROL
campo de control 189533
003 - IDENTIFICADOR DE NÚMERO DE CONTROL
campo de control SpMaBN
005 - FECHA Y HORA DE LA ÚLTIMA TRANSACCIÓN
campo de control 20250930063201.0
008 - DATOS DE LONGITUD FIJA--INFORMACIÓN GENERAL
campo de control de longitud fija 190607s1872 sp f |||| | spa d
080 ## - NÚMERO DE LA CLASIFICACIÓN DECIMAL UNIVERSAL
Número de la Clasificación Decimal Universal 669
100 1# - ENTRADA PRINCIPAL--NOMBRE DE PERSONA
Nombre de persona Ibrán, Jerónimo,
Fechas asociadas al nombre 1842-1910
9 (RLIN) 65028
245 10 - MENCIÓN DEL TÍTULO
Título Álbum de metalurgia general
Resto del título : arreglado al curso explicado en la Escuela de Ingenieros de Minas /
Mención de responsabilidad, etc. por Jerónimo Ibran.
260 ## - PUBLICACIÓN, DISTRIBUCIÓN, ETC.
Lugar de publicación, distribución, etc. [S.l. :
Nombre del editor, distribuidor, etc. s.n.],
Fecha de publicación, distribución, etc. 1872 (
Lugar de fabricación/manufactura Madrid :
Nombre del editor, distribuidor, etc. Imp. y litogr. de Nicolás González,
Fecha de publicación, distribución, etc. 1872.
300 ## - DESCRIPCIÓN FÍSICA
Extensión 2 v. (VIII, 630, [2] p.; 87 h. de lám.) ;
Dimensiones 32-33 cm.
505 8# - NOTA DE CONTENIDO CON FORMATO
Nota de contenido con formato Contiene: [1] Texto ;
Título Preparación mecánica ;
-- Combustibles ;
-- Hornos ;
-- Máquinas soplantes ;
-- Aparatos para calentar el aire, aprovechamiento de gases, montacargas, etc ;
-- Calcinación - [2] Atlas
530 ## - NOTA DISPONIBLE DE FORMULARIO FÍSICO ADICIONAL
Nota de formato físico adicional disponible Disponible en formato digital.
650 #7 - PUNTO DE ACCESO ADICIONAL DE MATERIA--TÉRMINO DE MATERIA
Término de materia o nombre geográfico como elemento de entrada Metalurgia
Fuente del encabezamiento o término embne
9 (RLIN) 136491
852 ## - LOCALIZACIÓN
Ubicación ES-MaACL
Número de control de estantería L-32429
Nota libre - Enc. hol.
-- . - Legado Federico de Botella y de Hornos
852 ## - LOCALIZACIÓN
Ubicación ES-MaACL
Número de control de estantería B-8082
Nota libre . - Legado Federico de Botella y de Hornos
856 ## - LOCALIZACIÓN Y ACCESO ELECTRÓNICOS
Identificador Uniforme de Recursos <a href="http://bdh-rd.bne.es/viewer.vm?id=0000007590&page=1 ">http://bdh-rd.bne.es/viewer.vm?id=0000007590&page=1 </a>
Nota pública Biblioteca Digital Hispánica
Holdings
Estatus retirado Estado de pérdida Estado de daño No para préstamo Colección Biblioteca de origen Biblioteca actual Ubicación en estantería Fecha de adquisición Fuente de adquisición Total de préstamos Signatura topográfica completa Código de barras Visto por última vez Precio de reemplazo Tipo de ítem Koha
        Colección digital Biblioteca del Ateneo de Madrid Biblioteca del Ateneo de Madrid Sala Pardo Bazán 07/06/2019     B-8082 (Atlas) 1200829 23/02/2023 23/02/2023 Libro impreso antiguo
        Colección digital Biblioteca del Ateneo de Madrid Biblioteca del Ateneo de Madrid Depósito 2 07/06/2019     L-32429 (Texto) 1200828 23/02/2023 23/02/2023 Libro impreso antiguo